Southville International School and Colleges
Your cart is empty.
  • Cart
  • Lists
    Public lists Eva Luna New books Lux_list list_1
    Your lists Log in to create your own lists
  • Log in to your account
  • Your cookies
  • Search history
Southville International School and Colleges
  • Advanced search
  • Recent comments
  • Most popular
  • Libraries

Log in to your account

Log in with GOOGLE


If you do not have an external account, but do have a local account, you can still log in:

  1. Home
  2. MARC view: What does "depressed" mean? :
Normal view MARC view ISBD view

What does "depressed" mean? : (Record no. 355566)

[ view plain ]
MARC details
000 -LEADER
fixed length control field 00580nam a2200205Ia 4500
008 - FIXED-LENGTH DATA ELEMENTS--GENERAL INFORMATION
fixed length control field 180207s9999 xx 000 0 und d
020 ## - INTERNATIONAL STANDARD BOOK NUMBER
International Standard Book Number 9789715907484
050 ## - LIBRARY OF CONGRESS CALL NUMBER
Item number B726 2011
100 ## - MAIN ENTRY--PERSONAL NAME
Personal name Borchard, Therese J.
245 ## - TITLE STATEMENT
Title What does "depressed" mean? :
245 ## - TITLE STATEMENT
Remainder of title a guidebook for children with a depressed loved one /
245 ## - TITLE STATEMENT
Statement of responsibility, etc by Therese J. Borchard ; illustrated by R. W. Alley.
260 ## - PUBLICATION, DISTRIBUTION, ETC. (IMPRINT)
Place of publication, distribution, etc USA :
260 ## - PUBLICATION, DISTRIBUTION, ETC. (IMPRINT)
Name of publisher, distributor, etc One Caring Place,
260 ## - PUBLICATION, DISTRIBUTION, ETC. (IMPRINT)
Date of publication, distribution, etc 2011
300 ## - PHYSICAL DESCRIPTION
Extent unpaged :
300 ## - PHYSICAL DESCRIPTION
Other physical details chiefly colored ;
300 ## - PHYSICAL DESCRIPTION
Dimensions 21cm.
440 ## - SERIES STATEMENT/ADDED ENTRY--TITLE
Title Phonics readers.
Holdings
Withdrawn status Lost status Damaged status Home library Current library Date acquired Total Checkouts Full call number Barcode Date last seen Price effective from Koha item type
      Stonyhurst Southville International School (Malarayat) Stonyhurst Southville International School (Malarayat) 02/07/2018   ER B726 2011 SSISM5111 02/07/2018 02/07/2018 Books

What does "depressed" mean? :

APA

Borchard T. J., .What does "depressed" mean?. USA: .

Chicago

Borchard Therese J, .What does "depressed" mean?. USA: .

Harvard

Borchard T. J., .What does "depressed" mean?. USA: .

MLA

Borchard Therese J, .USA: . .

  • Place hold
  • Print
  • Cite
  • Add to your cart (remove)
  • Save record
    BIBTEX Dublin Core MARCXML MARC (non-Unicode/MARC-8) MARC (Unicode/UTF-8) MARC (Unicode/UTF-8, Standard) MODS (XML) RIS
  • More searches
    Search for this title in:
    Other Libraries (WorldCat) Other Databases (Google Scholar) Online Stores (Bookfinder.com) Open Library (openlibrary.org)

Exporting to Dublin Core...

SOUTHVILLE LIBRARY

Southville International School and Colleges Library

1281 Tropical Ave. Cor. Luxembourg St., BF Homes International, Las Pinas City

Tel. No. 8256374 / 252358 Loc. 117/146

Powered by Koha